| 000 | 00862nac a22002291u 4500 | ||
|---|---|---|---|
| 010 | _a2004000228 | ||
| 020 | _a0131130455 | ||
| 082 | 0 | 0 |
_a621.4 _bS6297 |
| 090 |
_c864 _d864 |
||
| 100 | _aSkvarenina, Timothy L. | ||
| 245 | 1 | 0 |
_aElectrical power and controls / _cTimothy L. Skvarenina, William E. DeWitt. |
| 250 | _a2nd ed. | ||
| 260 |
_aUpper Saddle River, NJ : _bPearson/Prentice-Hall, _cc2004. |
||
| 300 |
_axvii, 731 p. : _bill. ; _c24 cm. |
||
| 650 | 0 | _aElectric power production. | |
| 650 | 0 |
_aElectric power systems _xControl. |
|
| 650 | 0 | _aElectric motors. | |
| 700 | 1 | _aDeWitt, William E. | |
| 856 | 4 | 1 |
_3Table of contents _uhttp://www.loc.gov/catdir/toc/ecip0414/2004000228.html |
| 942 |
_cBB _k621.4S6297 |
||
| 999 |
_c864 _d864 |
||